[Event "XL Corsicoscacchi A"]
[Site "Corsico ITA"]
[Date "2009.05.02"]
[Round "3"]
[White "Bonazzi, Edoardo"]
[Black "Mazzariol, Oscar"]
[Result "1-0"]
[WhiteElo "2179"]
[BlackElo "2062"]
[PlyCount "64"]
[EventDate "2009.05.01"]

1. Nf3 Nf6 2. c4 g6 3. Nc3 Bg7 4. g3 d6 5. Bg2 e5 6. O-O O-O 7. d3 c6 8. Rb1 a5
9. a3 Na6 10. b4 axb4 11. axb4 Nc7 12. b5 c5 13. Bg5 h6 14. Bxf6 Bxf6 15. Nd2
Bg7 16. Nd5 Nxd5 17. Bxd5 Qe7 18. Ne4 Kh7 19. Nc3 Ra3 20. Rb3 Rxb3 21. Qxb3 f5
22. Bg2 e4 23. Nd5 Qe5 24. Qc2 exd3 25. Qxd3 Be6 26. Nf4 b6 27. Rd1 Rd8 28. Bd5
Bc8 29. Bf7 g5 30. Nd5 Bb7 31. Nxb6 Be4 32. Qd2 Rb8 1-0

[Event "XL Corsicoscacchi A"]
[Site "Corsico ITA"]
[Date "2009.05.02"]
[Round "3"]
[White "Castrogiovanni, Carlo"]
[Black "Piemonti, Carlo"]
[Result "0-1"]
[WhiteElo "2027"]
[BlackElo "2016"]
[PlyCount "105"]
[EventDate "2009.05.01"]

1. d4 Nf6 2. c4 g6 3. Nc3 Bg7 4. e4 d6 5. Be2 O-O 6. Bg5 Nbd7 7. Qd2 Re8 8. f3
c6 9. Nh3 Qa5 10. Nf2 Rb8 11. O-O b5 12. cxb5 cxb5 13. b4 Qxb4 14. Rab1 Qa5 15.
Nxb5 Qxd2 16. Bxd2 Ba6 17. Rfc1 Nb6 18. Kf1 Rb7 19. d5 Nfd7 20. Bc3 Bxc3 21.
Nxc3 Bxe2+ 22. Nxe2 Nc5 23. Nd4 e6 24. dxe6 fxe6 25. Ke2 Kf7 26. Nd3 Nxd3 27.
Kxd3 Ree7 28. Rc2 Nd7 29. Rxb7 Ne5+ 30. Kd2 Rxb7 31. Nc6 Nxc6 32. Rxc6 Ke7 33.
Kc2 Kd7 34. Rc4 Rc7 35. Rxc7+ Kxc7 36. Kc3 Kc6 37. Kc4 a5 38. f4 d5+ 39. exd5+
exd5+ 40. Kd4 a4 41. a3 Kd6 42. g4 Ke6 43. Kd3 h5 44. gxh5 gxh5 45. Kd4 Kf5 46.
Kxd5 Kxf4 47. Kd4 h4 48. Kd3 Kf3 49. Kd2 Kg2 50. Ke2 Kxh2 51. Kf2 h3 52. Kf1
Kg3 53. Kg1 0-1

[Event "XL Corsicoscacchi A"]
[Site "Corsico ITA"]
[Date "2009.05.02"]
[Round "3"]
[White "Cazzaniga, Walter"]
[Black "Angelini, Marco"]
[Result "1-0"]
[WhiteElo "2192"]
[BlackElo "2033"]
[PlyCount "47"]
[EventDate "2009.05.01"]

1. d4 Nf6 2. c4 g6 3. Nc3 d5 4. Nf3 Bg7 5. Qb3 dxc4 6. Qxc4 a6 7. e4 b5 8. Qb3
Bb7 9. e5 Nd5 10. Ne4 Nd7 11. e6 fxe6 12. Neg5 Nf8 13. Bxb5+ c6 14. Bc4 Rb8 15.
O-O Qc7 16. Re1 Bc8 17. Qd3 h6 18. Ne4 Kf7 19. Nc5 a5 20. g3 Bf6 21. Bxd5 cxd5
22. Bf4 Qb6 23. Bxb8 Qxb8 24. b3 1-0

[Event "XL Corsicoscacchi A"]
[Site "Corsico ITA"]
[Date "2009.05.02"]
[Round "3"]
[White "Lucchese, Paolo"]
[Black "Krasnov, Eduard"]
[Result "0-1"]
[WhiteElo "2005"]
[BlackElo "2015"]
[PlyCount "119"]
[EventDate "2009.05.01"]

1. e4 e6 2. d4 d5 3. Nc3 Nf6 4. Bg5 Be7 5. e5 Nfd7 6. h4 Bxg5 7. hxg5 Qxg5 8.
Nh3 Qe7 9. Qh5 Nc6 10. O-O-O Nb6 11. f4 Bd7 12. Ng5 h6 13. Bb5 g6 14. Qe2 O-O-O
15. Nf3 h5 16. g3 Na5 17. Bxd7+ Qxd7 18. Qb5 Qxb5 19. Nxb5 a6 20. Na3 Kd7 21.
Ng5 Ke7 22. b3 Nd7 23. Kb2 c5 24. c3 cxd4 25. cxd4 Nc6 26. Nc2 Rc8 27. Rh4 b5
28. Rdh1 Rh6 29. R1h2 b4 30. a3 bxa3+ 31. Kxa3 Rb8 32. g4 Rbh8 33. Nf3 Kf8 34.
gxh5 Rxh5 35. Rxh5 Rxh5 36. Rxh5 gxh5 37. Nb4 Ndb8 38. Nc2 Kg7 39. Kb2 Kg6 40.
Nh4+ Kh6 41. Kc3 Kg7 42. Ne1 f6 43. exf6+ Kxf6 44. Nef3 Nd7 45. Ng5 Nf8 46.
Ngf3 Ng6 47. Nxg6 Kxg6 48. Nh4+ Kf6 49. b4 Ne7 50. b5 axb5 51. Kb4 Nf5 52. Nf3
Ng3 53. Kxb5 Ne2 54. Kc5 Nxf4 55. Kd6 Ng6 56. Kc5 h4 57. Kd6 h3 58. Nh2 Nf4 59.
Ng4+ Kf5 60. Ne3+ 0-1

[Event "XL Corsicoscacchi A"]
[Site "Corsico ITA"]
[Date "2009.05.02"]
[Round "3"]
[White "Massironi, Marco"]
[Black "Mastrorilli, Nicola"]
[Result "1-0"]
[WhiteElo "2180"]
[BlackElo "2012"]
[PlyCount "120"]
[EventDate "2009.05.01"]

1. e4 c5 2. Nf3 d6 3. d4 cxd4 4. Nxd4 Nf6 5. Nc3 a6 6. Be3 e5 7. Nf3 Qc7 8. Be2
Be7 9. O-O O-O 10. a4 Nbd7 11. Nd2 b6 12. Bc4 Nc5 13. Qe2 Be6 14. Bxc5 Bxc4 15.
Nxc4 dxc5 16. Ne3 Rfd8 17. Ned5 Nxd5 18. Nxd5 Qb7 19. c4 Bf8 20. Ra3 Rab8 21.
Rb3 Qc6 22. Ra1 Rd7 23. Qh5 f6 24. Qf5 Rf7 25. h4 Rbb7 26. h5 b5 27. axb5 axb5
28. cxb5 Rxb5 29. Rxb5 Qxb5 30. Qe6 Qd7 31. Qxd7 Rxd7 32. Rc1 Rb7 33. Rc2 Kf7
34. Ne3 g6 35. g4 Ke6 36. f3 Rb3 37. Kf2 Rb5 38. Ke2 Bh6 39. Nd5 Rb3 40. Rxc5
Rxb2+ 41. Kf1 Bg5 42. Rc6+ Kf7 43. Rc7+ Kg8 44. Ne7+ Kf8 45. hxg6 hxg6 46.
Nxg6+ Ke8 47. Re7+ Kd8 48. Rg7 Be3 49. Ne7 Ke8 50. Nd5 Kf8 51. Rh7 Bg5 52. Kg1
Kg8 53. Rh2 Rb1+ 54. Kg2 Rb2+ 55. Kg3 Rxh2 56. Kxh2 Kf7 57. Kg2 Ke6 58. Kf1 Kd6
59. Ke2 Kc5 60. Kd3 Bh4 1-0

[Event "XL Corsicoscacchi A"]
[Site "Corsico ITA"]
[Date "2009.05.02"]
[Round "3"]
[White "Ranieri, Fabrizio"]
[Black "Ubezio, Marco"]
[Result "1-0"]
[WhiteElo "2249"]
[BlackElo "2163"]
[PlyCount "123"]
[EventDate "2009.05.01"]

1. e4 Nf6 2. e5 Nd5 3. d4 d6 4. exd6 exd6 5. Nf3 Bg4 6. Be2 Be7 7. O-O O-O 8.
h3 Bf5 9. a3 Re8 10. c4 Nb6 11. Nc3 h6 12. Be3 Bf6 13. Rc1 c6 14. Qb3 N8d7 15.
a4 a5 16. Rfe1 Rb8 17. Bf4 Nc8 18. Bf1 Rxe1 19. Rxe1 Nf8 20. d5 Bxc3 21. Qxc3
cxd5 22. cxd5 Ne7 23. Qb3 Nfg6 24. Bg3 Qc7 25. Nd4 Qc5 26. Nb5 Bc2 27. Qc3 Qxc3
28. Nxc3 Rd8 29. Bc4 Nf5 30. Bh2 Rc8 31. Bb5 Bb3 32. Bd7 Rxc3 33. Re8+ Kh7 34.
bxc3 Nfe7 35. Bxd6 Nxd5 36. Rb8 Nxc3 37. Rxb7 Be6 38. Bc6 Ne2+ 39. Kh1 Nd4 40.
Be8 Bd5 41. Ra7 Nh4 42. f3 Ndf5 43. Bf4 g5 44. Bxf7 Bxf7 45. Rxf7+ Kg6 46. Rxf5
Nxf5 47. Bc7 Kf7 48. Bxa5 Ng3+ 49. Kh2 Nf1+ 50. Kg1 Ne3 51. Bb6 Nc4 52. a5 Ke6
53. Kf2 Kd5 54. Kg3 Ne5 55. h4 gxh4+ 56. Kxh4 Ng6+ 57. Kg4 Ne5+ 58. Kh5 Nd3 59.
g4 Ne1 60. f4 Nd3 61. f5 Ne5 62. Bc7 1-0

[Event "XL Corsicoscacchi A"]
[Site "Corsico ITA"]
[Date "2009.05.02"]
[Round "3"]
[White "Sbarra, Marco"]
[Black "Volpi, Davide"]
[Result "1-0"]
[WhiteElo "2232"]
[BlackElo "2020"]
[PlyCount "55"]
[EventDate "2009.05.01"]

1. d4 Nf6 2. c4 g6 3. Nc3 Bg7 4. e4 d6 5. Nf3 O-O 6. Be2 e5 7. d5 Nbd7 8. Bg5
a5 9. Nd2 Re8 10. O-O Nc5 11. b3 Bd7 12. a3 Na6 13. Rb1 h6 14. Be3 Nh7 15. b4
axb4 16. axb4 f5 17. f3 f4 18. Bf2 g5 19. c5 h5 20. c6 bxc6 21. dxc6 Be6 22.
Bc4 Kh8 23. Qb3 Bxc4 24. Qxc4 Nf6 25. Ra1 Nxb4 26. Qxb4 Rb8 27. Qc4 Rb2 28. Ra2
1-0

[Event "XL Corsicoscacchi A"]
[Site "Corsico ITA"]
[Date "2009.05.02"]
[Round "4"]
[White "Cazzaniga, Walter"]
[Black "Ranieri, Fabrizio"]
[Result "1/2-1/2"]
[WhiteElo "2192"]
[BlackElo "2249"]
[PlyCount "50"]
[EventDate "2009.05.01"]

1. d4 e6 2. c4 d5 3. Nc3 c6 4. Nf3 Nf6 5. Bg5 Nbd7 6. cxd5 exd5 7. e3 Bd6 8.
Qc2 Nf8 9. Bd3 Ng6 10. O-O-O Be6 11. Kb1 Qa5 12. Bxf6 gxf6 13. Bf5 O-O-O 14. h4
Ne7 15. Bxe6+ fxe6 16. e4 Rhg8 17. g3 Bb4 18. e5 Rdf8 19. Rd2 h6 20. exf6 Rxf6
21. Ne5 Nf5 22. a3 Bxc3 23. Qxc3 Qxc3 24. bxc3 Nd6 25. Rc2 Rgf8 1/2-1/2

[Event "XL Corsicoscacchi A"]
[Site "Corsico ITA"]
[Date "2009.05.02"]
[Round "4"]
[White "Krasnov, Eduard"]
[Black "Mazzariol, Oscar"]
[Result "1/2-1/2"]
[WhiteElo "2015"]
[BlackElo "2062"]
[PlyCount "43"]
[EventDate "2009.05.01"]

1. e4 c5 2. c3 d5 3. exd5 Qxd5 4. d4 e6 5. Nf3 Nf6 6. Be2 Be7 7. O-O O-O 8. Ne5
Nbd7 9. Bf3 Qd6 10. Bf4 Nd5 11. Nxd7 Qxd7 12. Be5 cxd4 13. Qxd4 Nf6 14. Nd2 Rd8
15. Qxd7 Rxd7 16. Nc4 Nd5 17. Rad1 b5 18. Ne3 Bb7 19. Nxd5 Bxd5 20. Bxd5 Rxd5
21. Rxd5 exd5 22. Rd1 1/2-1/2

[Event "XL Corsicoscacchi A"]
[Site "Corsico ITA"]
[Date "2009.05.02"]
[Round "4"]
[White "Mastrorilli, Nicola"]
[Black "Castrogiovanni, Carlo"]
[Result "1/2-1/2"]
[WhiteElo "2012"]
[BlackElo "2027"]
[PlyCount "87"]
[EventDate "2009.05.01"]

1. e4 c5 2. Nf3 a6 3. c4 Qc7 4. d4 cxd4 5. Nxd4 Nf6 6. Nc3 Nc6 7. Be3 Ne5 8.
Rc1 e6 9. a3 d6 10. Be2 Bd7 11. O-O Be7 12. f3 Rc8 13. b4 O-O 14. Na4 Qd8 15.
Qb3 Bxa4 16. Qxa4 Qd7 17. Qb3 Nc6 18. Rfd1 Rfd8 19. a4 Qe8 20. a5 Nxd4 21. Rxd4
d5 22. cxd5 Rxc1+ 23. Bxc1 exd5 24. e5 Bf8 25. f4 Qc6 26. Bd2 Ne4 27. Bf3 Nxd2
28. Rxd2 Qc1+ 29. Rd1 Qxf4 30. Bxd5 Kh8 31. Bxb7 Rxd1+ 32. Qxd1 Qxb4 33. Bxa6
Qxa5 34. Bd3 Qxe5 35. g3 Bc5+ 36. Kg2 g6 37. Qe2 Qxe2+ 38. Bxe2 Kg7 39. h3 f5
40. h4 Kf6 41. Kf3 Bb4 42. Bc4 Bd2 43. Bf1 Be1 44. Bg2 1/2-1/2

[Event "XL Corsicoscacchi A"]
[Site "Corsico ITA"]
[Date "2009.05.02"]
[Round "4"]
[White "Piemonti, Carlo"]
[Black "Angelini, Marco"]
[Result "1/2-1/2"]
[WhiteElo "2016"]
[BlackElo "2033"]
[PlyCount "91"]
[EventDate "2009.05.01"]

1. e4 c5 2. Nf3 d6 3. Bb5+ Bd7 4. Bxd7+ Nxd7 5. O-O Ngf6 6. Qe2 g6 7. b3 Bg7 8.
Bb2 O-O 9. c4 a6 10. Nc3 e6 11. d4 Qe7 12. Rad1 cxd4 13. Nxd4 Rfd8 14. f4 Rac8
15. Kh1 Rc7 16. e5 dxe5 17. fxe5 Ne8 18. Nf3 Nb8 19. Ne4 Rxd1 20. Rxd1 Rd7 21.
Rd3 h6 22. Qd2 Rxd3 23. Qxd3 Qd7 24. Qxd7 Nxd7 25. Bd4 Kf8 26. Kg1 Ke7 27. Kf2
Kd8 28. Ke3 Bf8 29. Ne1 Kc7 30. Nd3 Kc6 31. Kd2 Nc7 32. Ndf2 b5 33. Nd3 bxc4
34. bxc4 Na8 35. Kc3 a5 36. Kb3 Nab6 37. Nc3 Nc8 38. Ne4 Ncb6 39. a4 Nc8 40.
Bc3 Kb6 41. c5+ Bxc5 42. Ndxc5 Nxc5+ 43. Nxc5 Kxc5 44. Bxa5 Na7 45. Bc3 Nc6 46.
g3 1/2-1/2

[Event "XL Corsicoscacchi A"]
[Site "Corsico ITA"]
[Date "2009.05.02"]
[Round "4"]
[White "Sbarra, Marco"]
[Black "Bonazzi, Edoardo"]
[Result "1/2-1/2"]
[WhiteElo "2232"]
[BlackElo "2179"]
[PlyCount "57"]
[EventDate "2009.05.01"]

1. d4 Nf6 2. c4 c5 3. d5 b5 4. cxb5 a6 5. b6 e6 6. Nc3 Nxd5 7. Nxd5 exd5 8.
Qxd5 Nc6 9. Nf3 Rb8 10. Ne5 Qf6 11. Nxc6 dxc6 12. Qe4+ Be7 13. Qf4 Qxf4 14.
Bxf4 Rxb6 15. b3 c4 16. bxc4 Bf6 17. O-O-O Bf5 18. e4 Bxe4 19. Bd3 Bxd3 20.
Rxd3 O-O 21. Rb3 Bd4 22. Bg3 Re8 23. Kd2 Bc5 24. Kc3 f6 25. Kd3 Kf7 26. Rxb6
Bxb6 27. Rb1 Bc5 28. Rb7+ Re7 29. Rxe7+ 1/2-1/2

[Event "XL Corsicoscacchi A"]
[Site "Corsico ITA"]
[Date "2009.05.02"]
[Round "4"]
[White "Ubezio, Marco"]
[Black "Bemporad, Filippo"]
[Result "1/2-1/2"]
[WhiteElo "2163"]
[BlackElo "2100"]
[PlyCount "156"]
[EventDate "2009.05.01"]

1. e4 c5 2. Nf3 d6 3. Bb5+ Bd7 4. Bxd7+ Nxd7 5. O-O Ngf6 6. Qe2 e6 7. c3 Be7 8.
d4 O-O 9. e5 dxe5 10. dxe5 Nd5 11. Re1 Re8 12. a4 Nf8 13. Na3 Ng6 14. Nc4 h6
15. Qe4 b6 16. g3 a6 17. h4 b5 18. Ne3 Nxe3 19. Bxe3 Qd5 20. Qg4 Nxe5 21. Nxe5
Qxe5 22. Bxh6 Qf6 23. Bf4 Bf8 24. Kg2 Rac8 25. axb5 axb5 26. Ra7 Ra8 27. Rb7 e5
28. Be3 b4 29. Qe4 Qe6 30. Rd1 Red8 31. Ra7 Rac8 32. Rxd8 Rxd8 33. Ra8 Rxa8 34.
Qxa8 Qd6 35. c4 Qe7 36. b3 Qd6 37. h5 Qc7 38. h6 Qd6 39. hxg7 Kxg7 40. Qe4 Qe6
41. f4 Kf6 42. Kf3 Bd6 43. fxe5+ Qxe5 44. Qxe5+ Kxe5 45. Bf4+ Ke6 46. Bxd6 Kxd6
47. Kf4 Ke6 48. g4 Kf6 49. g5+ Kg6 50. Kg4 Kh7 51. Kf5 Kg7 52. Ke5 Kg6 53. Kd5
Kxg5 54. Kxc5 f5 55. Kxb4 f4 56. Kc3 Kh4 57. Kd2 Kg3 58. c5 f3 59. c6 f2 60. c7
f1=Q 61. c8=Q Qf2+ 62. Kc1 Qa2 63. Qc3+ Kg4 64. Qb2 Qa5 65. b4 Qb6 66. b5 Kf5
67. Qc2+ Ke5 68. Qc4 Kd6 69. Kb2 Qc5 70. Qf4+ Kd7 71. Qb8 Qb4+ 72. Kc2 Qc4+ 73.
Kd2 Qd4+ 74. Ke2 Qe4+ 75. Kf2 Qd4+ 76. Kf3 Qd3+ 77. Kg4 Qe4+ 78. Kg5 Qd5+
1/2-1/2

[Event "XL Corsicoscacchi A"]
[Site "Corsico ITA"]
[Date "2009.05.02"]
[Round "4"]
[White "Volpi, Davide"]
[Black "Lucchese, Paolo"]
[Result "0-1"]
[WhiteElo "2020"]
[BlackElo "2005"]
[PlyCount "58"]
[EventDate "2009.05.01"]

1. e4 c5 2. Nf3 d6 3. g3 Nc6 4. Bg2 Nf6 5. d3 g6 6. O-O Bg7 7. Nbd2 O-O 8. c3
Rb8 9. a4 Bd7 10. Re1 Ng4 11. Nf1 Qb6 12. Rb1 Bxc3 13. Bd2 Bxd2 14. Qxd2 Kg7
15. Ne3 Qb4 16. Nf5+ Bxf5 17. exf5 Qxd2 18. Nxd2 Rfe8 19. fxg6 hxg6 20. Bh3 Nf6
21. Ne4 Ne5 22. Nxf6 Kxf6 23. Re3 Rh8 24. Bg2 a5 25. Rbe1 e6 26. Rd1 Nc6 27. h4
Nd4 28. Rd2 b5 29. Re4 bxa4 0-1

[Event "XL Corsicoscacchi A"]
[Site "Corsico ITA"]
[Date "2009.05.03"]
[Round "5"]
[White "Angelini, Marco"]
[Black "Krasnov, Eduard"]
[Result "1/2-1/2"]
[WhiteElo "2033"]
[BlackElo "2015"]
[PlyCount "82"]
[EventDate "2009.05.01"]

1. e4 e6 2. d4 d5 3. e5 c5 4. c3 Nc6 5. Nf3 Qb6 6. a3 c4 7. g3 Bd7 8. Nbd2 Na5
9. Bg2 h6 10. O-O O-O-O 11. Ne1 Kb8 12. Qe2 Ba4 13. f4 Ne7 14. Bf3 g6 15. g4
Bg7 16. Rf2 Rdg8 17. Kh1 Qd8 18. Rb1 Nc8 19. Nf1 Nb6 20. Ng3 Qc8 21. Ng2 Bf8
22. f5 Be7 23. Be3 Bd7 24. fxg6 fxg6 25. Rbf1 Na8 26. Qc2 Nc7 27. Bd1 Be8 28.
Nf4 Qd8 29. Qe2 Bh4 30. Rg2 Bxg3 31. Rxg3 g5 32. Nh5 Bxh5 33. gxh5 Nc6 34. Bc2
Ne7 35. Qf2 Ne8 36. Qf7 Ng7 37. Rgf3 Nef5 38. Bd2 Qe8 39. Qxe8+ Rxe8 40. b3
cxb3 41. Bxb3 Rc8 1/2-1/2

[Event "XL Corsicoscacchi A"]
[Site "Corsico ITA"]
[Date "2009.05.03"]
[Round "5"]
[White "Bemporad, Filippo"]
[Black "Sbarra, Marco"]
[Result "1/2-1/2"]
[WhiteElo "2100"]
[BlackElo "2232"]
[PlyCount "98"]
[EventDate "2009.05.01"]

1. d4 Nf6 2. Nf3 e6 3. g3 d5 4. Bg2 c5 5. c4 dxc4 6. Qa4+ Nfd7 7. O-O Nc6 8.
dxc5 Bxc5 9. Qxc4 O-O 10. Nc3 a6 11. Ne4 Be7 12. Bf4 e5 13. Be3 Nf6 14. Nxf6+
Bxf6 15. Qb3 Nd4 16. Nxd4 exd4 17. Rad1 Re8 18. Bxd4 Bg4 19. Bb6 Qe7 20. Rfe1
Rac8 21. Be3 b5 22. Rd2 Red8 23. Bd5 Rd7 24. Bd4 Bxd4 25. Rxd4 Rcd8 26. Bxf7+
Qxf7 27. Qxf7+ Kxf7 28. Rxg4 Rd2 29. Rb4 Rc8 30. a4 Rc4 31. Rxc4 bxc4 32. Rc1
Rxb2 33. Rxc4 Rxe2 34. Rc6 Re6 35. Rxe6 Kxe6 36. f4 Kd5 37. Kf2 Ke4 38. Ke2 a5
39. Kf2 h6 40. Ke2 h5 41. Kf2 Kd4 42. Kf3 Kc4 43. h3 Kb4 44. g4 hxg4+ 45. hxg4
Kxa4 46. f5 Kb5 47. g5 a4 48. f6 gxf6 49. gxf6 a3 1/2-1/2

[Event "XL Corsicoscacchi A"]
[Site "Corsico ITA"]
[Date "2009.05.03"]
[Round "5"]
[White "Castrogiovanni, Carlo"]
[Black "Volpi, Davide"]
[Result "1-0"]
[WhiteElo "2027"]
[BlackElo "2020"]
[PlyCount "85"]
[EventDate "2009.05.01"]

1. d4 Nf6 2. c4 c5 3. d5 e6 4. Nc3 exd5 5. cxd5 d6 6. Nf3 g6 7. Nd2 Bg7 8. e4
O-O 9. Bd3 Re8 10. O-O Na6 11. Nc4 Nc7 12. a4 Rb8 13. f3 Qe7 14. Bf4 Rd8 15.
Qd2 Nfe8 16. Rab1 Na6 17. Nb5 b6 18. Rbd1 Nb4 19. Bb1 a6 20. Nc3 b5 21. axb5
axb5 22. Ne3 Qf6 23. Nc2 Nxc2 24. Bxc2 b4 25. Na4 Ba6 26. Rf2 c4 27. Bg5 Qd4
28. Qxd4 Bxd4 29. Rxd4 f6 30. Bd2 Bb5 31. Bd1 Rdc8 32. Be1 Rc7 33. b3 Bxa4 34.
bxa4 Rc5 35. Rb2 c3 36. Rbxb4 Rbc8 37. Bc2 Nc7 38. Rbc4 Na6 39. Rxc5 Rxc5 40.
Kf2 Kf7 41. Ke3 Rc8 42. a5 Nc5 43. Rc4 1-0

[Event "XL Corsicoscacchi A"]
[Site "Corsico ITA"]
[Date "2009.05.03"]
[Round "5"]
[White "Lucchese, Paolo"]
[Black "Cereda, Loris"]
[Result "1/2-1/2"]
[WhiteElo "2005"]
[BlackElo "2050"]
[PlyCount "120"]
[EventDate "2009.05.01"]

1. e4 e5 2. Nf3 Nc6 3. Bb5 a6 4. Ba4 Nf6 5. O-O Be7 6. Bxc6 dxc6 7. Qe1 Qd6 8.
d4 Nd7 9. c3 f6 10. Be3 Nb6 11. Nbd2 Be6 12. dxe5 fxe5 13. Bxb6 cxb6 14. Qe3
Qc7 15. Ng5 Bg8 16. Qg3 O-O-O 17. Ndf3 h6 18. Qh3+ Qd7 19. Rfd1 Qxh3 20. Rxd8+
Bxd8 21. Nxh3 Bf6 22. b3 Be6 23. Kf1 Rd8 24. Ke2 Kc7 25. Nhg1 b5 26. Rd1 Rxd1
27. Kxd1 Kd6 28. Ne1 Bd8 29. Nd3 g5 30. h3 c5 31. Nb2 a5 32. c4 a4 33. bxa4
bxa4 34. a3 Ba5 35. Kc2 Bd7 36. Nf3 Bc6 37. Kd3 b5 38. cxb5 Bxb5+ 39. Nc4+ Ke6
40. Nfxe5 Bc7 41. Ng4 h5 42. Nge3 Be5 43. Nd1 Bd4 44. f3 Bg1 45. Nc3 Be8 46.
Nd5 Bd7 47. Ndb6 Bb5 48. Nd5 Bd7 49. Nc3 Be8 50. Ne2 Bf2 51. e5 Bb5 52. Nc3 Be8
53. Ne4 Bg6 54. Ke2 Bxe4 55. fxe4 Bd4 56. Kd3 Ba1 57. Nb6 Bb2 58. Nc4 Ba1 59.
Nb6 Bb2 60. Nc4 Ba1 1/2-1/2

[Event "XL Corsicoscacchi A"]
[Site "Corsico ITA"]
[Date "2009.05.03"]
[Round "5"]
[White "Massironi, Marco"]
[Black "Cazzaniga, Walter"]
[Result "1-0"]
[WhiteElo "2180"]
[BlackElo "2192"]
[PlyCount "78"]
[EventDate "2009.05.01"]

1. e4 e6 2. d4 d5 3. Nc3 Bb4 4. e5 c5 5. a3 Bxc3+ 6. bxc3 Qa5 7. Bd2 Qa4 8. Qg4
g6 9. Qd1 b6 10. h4 cxd4 11. Qg4 Qxc2 12. cxd4 h5 13. Qf4 Qf5 14. Qxf5 gxf5 15.
Rc1 Bd7 16. Nf3 Ne7 17. Be2 Nbc6 18. O-O O-O-O 19. Bg5 Kb7 20. Bf6 Rh6 21. Bb5
Re8 22. Ng5 Nc8 23. Bxc6+ Bxc6 24. Nxf7 Rh7 25. Nd8+ Rxd8 26. Bxd8 Rd7 27. Bf6
b5 28. f3 Nb6 29. g4 fxg4 30. fxg4 hxg4 31. Kg2 a5 32. h5 Rh7 33. Rh1 Be8 34.
h6 Bg6 35. Rh4 Ka6 36. Bg7 Bf5 37. Rh5 Be4+ 38. Kg3 b4 39. axb4 axb4 1-0

[Event "XL Corsicoscacchi A"]
[Site "Corsico ITA"]
[Date "2009.05.03"]
[Round "5"]
[White "Mazzariol, Oscar"]
[Black "Ubezio, Marco"]
[Result "1/2-1/2"]
[WhiteElo "2062"]
[BlackElo "2163"]
[PlyCount "124"]
[EventDate "2009.05.01"]

1. d4 d5 2. c4 Nc6 3. cxd5 Qxd5 4. e3 e5 5. Nc3 Bb4 6. Bd2 Bxc3 7. Bxc3 exd4 8.
Ne2 Nf6 9. Nxd4 Ne4 10. Nxc6 Nxc3 11. Qxd5 Nxd5 12. Nd4 Ke7 13. Rc1 c6 14. Bd3
Rd8 15. Ke2 Nf4+ 16. Kd2 Nxd3 17. Kxd3 Be6 18. Ke2 Bxa2 19. b3 Rac8 20. Rc2 c5
21. Nf5+ Kf6 22. Rxa2 Kxf5 23. Rxa7 Rd7 24. Rd1 Rcd8 25. Rxd7 Rxd7 26. f3 Ke5
27. Ra8 Kd5 28. Rc8 b5 29. Kd3 Ke5+ 30. Ke2 Kd6 31. e4 Ra7 32. Rd8+ Ke7 33. Rb8
Ra2+ 34. Kd3 c4+ 35. bxc4 bxc4+ 36. Kxc4 Rxg2 37. f4 Rc2+ 38. Kd5 Rd2+ 39. Kc5
g6 40. Rb7+ Kf8 41. Rb6 Rxh2 42. Kd5 Kg7 43. Ke5 Re2 44. f5 gxf5 45. Kxf5 Rf2+
46. Kg5 Rg2+ 47. Kf5 Rg6 48. Rb3 h6 49. Ra3 Rg5+ 50. Kf4 Kg6 51. Rb3 h5 52.
Rb6+ f6 53. Ra6 h4 54. Ra3 Rg1 55. Ra8 Kf7 56. Rh8 Rh1 57. Kg4 Ke6 58. Re8+ Kd6
59. Rh8 Ke5 60. Re8+ Kd4 61. Re6 Re1 62. Rxf6 Rxe4+ 1/2-1/2

[Event "XL Corsicoscacchi A"]
[Site "Corsico ITA"]
[Date "2009.05.03"]
[Round "5"]
[White "Piemonti, Carlo"]
[Black "Mastrorilli, Nicola"]
[Result "0-1"]
[WhiteElo "2016"]
[BlackElo "2012"]
[PlyCount "124"]
[EventDate "2009.05.01"]

1. e4 c5 2. Nf3 d6 3. Bb5+ Bd7 4. Bxd7+ Qxd7 5. c4 Nc6 6. Nc3 Nf6 7. O-O Nd4 8.
d3 Nxf3+ 9. Qxf3 g6 10. Nd5 Bg7 11. Rb1 O-O 12. b3 Nxd5 13. exd5 e5 14. dxe6
fxe6 15. Qe2 Bd4 16. Kh1 Rae8 17. Bb2 Qg7 18. f3 e5 19. Bc1 Qf6 20. Qe4 b6 21.
Bd2 Qf5 22. Rbe1 Kg7 23. Qh4 Rf7 24. Re4 Qh5 25. Qxh5 gxh5 26. g3 Ref8 27. Kg2
Rf5 28. Ree1 Kg6 29. f4 R8f6 30. h3 exf4 31. Rxf4 Rxf4 32. gxf4 Kf5 33. Re7
Rg6+ 34. Kf3 h4 35. Rf7+ Ke6 36. Rxh7 Rg3+ 37. Ke4 Rxh3 38. f5+ Kf6 39. Rh6+
Kf7 40. Rxd6 Rh2 41. Bg5 h3 42. Rh6 Re2+ 43. Kf3 Rf2+ 44. Ke4 h2 45. Bf4 Re2+
46. Kf3 Rf2+ 47. Kg3 Rxa2 48. Rxh2 Rxh2 49. Kxh2 Kf6 50. Kg2 Kxf5 51. Bb8 a6
52. Ba7 Kf4 53. Bxb6 Ke3 54. Ba5 Kxd3 55. Be1 Bc3 56. Bf2 Bb4 57. Kf3 a5 58.
Kf4 Kc2 59. Ke5 Kxb3 60. Kd5 a4 61. Bxc5 Bxc5 62. Kxc5 a3 0-1

[Event "XL Corsicoscacchi A"]
[Site "Corsico ITA"]
[Date "2009.05.03"]
[Round "5"]
[White "Ranieri, Fabrizio"]
[Black "Bonazzi, Edoardo"]
[Result "1-0"]
[WhiteElo "2249"]
[BlackElo "2179"]
[PlyCount "83"]
[EventDate "2009.05.01"]

1. e4 c6 2. d4 d5 3. exd5 cxd5 4. c4 Nf6 5. Nc3 e6 6. Nf3 Be7 7. Bf4 O-O 8. c5
b6 9. b4 a5 10. Na4 Nbd7 11. Bb5 Ba6 12. Bxa6 Rxa6 13. b5 Ra8 14. c6 Bb4+ 15.
Kf1 e5 16. dxe5 Nh5 17. Be3 Nc5 18. a3 Nxa4 19. axb4 Nb2 20. Qd4 Nc4 21. g4
Nxe3+ 22. Qxe3 d4 23. Qxd4 Qxd4 24. Nxd4 Nf4 25. bxa5 Rfd8 26. Ne2 Rxa5 27. Rc1
Nxe2 28. c7 Rc8 29. Kxe2 Rxb5 30. f4 Kf8 31. Rhd1 Ke7 32. Rd6 g5 33. Kf3 Rb3+
34. Ke4 Rb4+ 35. Kd5 gxf4 36. Kc6 Ra4 37. Kb7 Raa8 38. Rxb6 f3 39. Rf6 f2 40.
Rxf2 Ke6 41. Rc6+ Kxe5 42. Rxf7 1-0

[Event "XL Corsicoscacchi A"]
[Site "Corsico ITA"]
[Date "2009.05.03"]
[Round "6"]
[White "Bonazzi, Edoardo"]
[Black "Massironi, Marco"]
[Result "1/2-1/2"]
[WhiteElo "2179"]
[BlackElo "2180"]
[PlyCount "90"]
[EventDate "2009.05.01"]

1. Nf3 d5 2. c4 c6 3. g3 Nf6 4. Bg2 Bf5 5. cxd5 cxd5 6. Qb3 Qc8 7. Nc3 e6 8. d3
Nbd7 9. Bf4 Nc5 10. Qc2 Be7 11. Rc1 O-O 12. O-O a6 13. b4 Ncd7 14. Qb3 Qe8 15.
Rfe1 Bg4 16. h3 Bxf3 17. Bxf3 Rc8 18. a3 Kh8 19. Nb1 Rxc1 20. Rxc1 e5 21. Bg5
e4 22. Bg2 Bd6 23. dxe4 dxe4 24. Nd2 h6 25. Be3 Qe7 26. Rc4 Ne5 27. Rd4 Nc6 28.
Rxd6 Qxd6 29. Bc5 Qxd2 30. Bxf8 Kg8 31. Bc5 Qxe2 32. Bf1 Qd2 33. Be3 Qd7 34. b5
Ne5 35. bxa6 Nf3+ 36. Kh1 bxa6 37. Qb8+ Kh7 38. Qa7 Qf5 39. Qxa6 Nd5 40. Qe2
Nc3 41. Qc2 Nd5 42. Qc5 Ne1 43. Kg1 Nf3+ 44. Kh1 Ne1 45. Kg1 Nf3+ 1/2-1/2

[Event "XL Corsicoscacchi A"]
[Site "Corsico ITA"]
[Date "2009.05.03"]
[Round "6"]
[White "Cazzaniga, Walter"]
[Black "Bemporad, Filippo"]
[Result "1-0"]
[WhiteElo "2192"]
[BlackElo "2100"]
[PlyCount "137"]
[EventDate "2009.05.01"]

1. d4 d5 2. c4 c6 3. Nf3 Nf6 4. Nc3 g6 5. g3 Bg7 6. Bg2 O-O 7. O-O dxc4 8. a4
Be6 9. e4 h6 10. Qe2 Na6 11. Rd1 Qc8 12. Ne5 Rd8 13. Nxc4 Nb4 14. Bf4 Nh5 15.
Be3 Bxc4 16. Qxc4 Nc2 17. Rac1 Nxe3 18. fxe3 Nf6 19. e5 Ne8 20. Rf1 e6 21. Ne4
Qd7 22. Rc2 Nc7 23. Nd6 Rf8 24. Nxb7 Nd5 25. Nc5 Qe7 26. Qe2 Qg5 27. Bxd5 cxd5
28. b4 h5 29. b5 Bh6 30. Rf3 Qe7 31. Qd3 Rac8 32. Kg2 Rc7 33. Na6 Rxc2+ 34.
Qxc2 Qa3 35. e4 Qa1 36. exd5 Qxd4 37. dxe6 Qxe5 38. exf7+ Kh7 39. Nb4 Qe6 40.
Qc6 Qe2+ 41. Rf2 Qe1 42. Nd3 Qe7 43. Qd5 Rd8 44. Qf3 Rf8 45. Re2 Qd6 46. Ne5
Bg7 47. Nc6 Qd7 48. Rf2 Bh6 49. Qe4 Bg7 50. Qe7 Qd5+ 51. Kh3 Qc4 52. Rf4 Qd5
53. Nxa7 Bh6 54. Rf1 Qc4 55. Qf6 Qxa4 56. b6 Qg4+ 57. Kg2 Be3 58. Rf3 Qe4 59.
Nb5 Bc5 60. Nc7 Qe2+ 61. Kh3 Be7 62. Qf4 g5 63. Qf5+ Kh8 64. g4 Bd6 65. Rf2
Qxg4+ 66. Qxg4 hxg4+ 67. Kxg4 Bf4 68. Ne6 Rxf7 69. Nxg5 1-0

[Event "XL Corsicoscacchi A"]
[Site "Corsico ITA"]
[Date "2009.05.03"]
[Round "6"]
[White "Krasnov, Eduard"]
[Black "Cereda, Loris"]
[Result "1/2-1/2"]
[WhiteElo "2015"]
[BlackElo "2050"]
[PlyCount "39"]
[EventDate "2009.05.01"]

1. e4 e5 2. Nf3 Nc6 3. d4 exd4 4. Nxd4 Nf6 5. Nxc6 bxc6 6. e5 Qe7 7. Qe2 Nd5 8.
c4 Nb6 9. Nc3 Qe6 10. f4 Ba6 11. b3 Bb4 12. Bd2 d5 13. exd6 cxd6 14. Qxe6+ fxe6
15. a3 Bc5 16. Ne4 Bd4 17. O-O-O O-O-O 18. Ng5 Rhe8 19. Nxh7 Bb7 20. Ng5
1/2-1/2